LEADER 00583nam a2200169 i 4500 001 000000251093 003 CaOOAMICUS 005 20160906000000.0 008 160906s1833 it u000 u ita u 013 $a229998 040 $aSeMil$bita 245 10$aVol. 2. 300 $a989 p. 773 0 $aIustinianus I $tPandette di Giustiniano.$dIn Venezia : Antonio Bazzarini e C., 1833-1836.$g2$w()10137 850 $aSeMil 852 $aSeMil$W1$xVenegono$y1$m3L VII 2 FA$j201439$B201439$CSeMilBibl$Z2$F213347 $8I 996 $6245$aVol. 2$9(OLS)http://semarc/title/13458 LEADER 00728nam a2200193 i 4500 001 000000080965 003 CaOOAMICUS 005 20180330000000.0 008 180330s1982 it u000 u ita u 013 $a53203 040 $aSeMil$bita 245 10$a1851-1852. 300 $a218 p. 773 0 $aKierkegaard, Søren <1813-1855>$tDiario.$dBrescia : Morcelliana, 1980-1983.$bTerza edizione riveduta e aumentata.$gVol.9$w()21197 850 $aSeMil 852 $aSeMil$W1$xVenegono$y1$m2P VII 229$j46318$B46318$CSeMilBibl$Z2$F48562 $81 852 $aSeMil$W1$xVenegono$y1$m2P II 994$j230145$B239388$CSeMilBibl$Z2$F239388 $81 961 $aRecupero: Seminario di Seveso 996 $6245$a1851-1852$9(OLS)http://semarc/title/404268